Normal view MARC view
  • KHAR , ROOP K .,VYAS S P , AND OTHERS

Entry Personal Name

Number of records used in: 1

001 - CONTROL NUMBER

  • control field: 7367

003 - CONTROL NUMBER IDENTIFIER

  • control field: OSt

005 - DATE AND TIME OF LATEST TRANSACTION

  • control field: 20221217121442.0

008 - FIXED-LENGTH DATA ELEMENTS

  • fixed length control field: 221217|| aca||aabn | a|a d

040 ## - CATALOGING SOURCE

  • Original cataloging agency: OSt
  • Transcribing agency: OSt

100 ## - HEADING--PERSONAL NAME

  • Personal name: KHAR , ROOP K .,VYAS S P , AND OTHERS

670 ## - SOURCE DATA FOUND

  • Source citation: Work cat.: (OSt)8081: KHAR , ROOP K .,VYAS S P , AND OTHERS, THE THEORY AND PRACTICS OF INDUSTRIAL PHARMACY , 2022